| Tag |
First Indicator |
Second Indicator |
Subfields |
| LEADER |
00000cam a2200000Mi 4500 |
| 001 |
in00003589613 |
| 006 |
m o d |
| 007 |
cr unu |
| 008 |
150720s2015 cau o 000 0 eng d |
| 005 |
20250816223303.9 |
| 020 |
|
|
|a 9780872866607
|q electronic bk.
|
| 020 |
|
|
|a 0872866602
|q electronic bk.
|
| 024 |
8 |
|
|a 40025184950
|
| 035 |
|
|
|a (NhCcYBP)ebl2121634
|
| 037 |
|
|
|a 15F9C09A-D187-4291-9AA3-D7EF9C104AB8
|b OverDrive, Inc.
|n http://www.overdrive.com
|
| 040 |
|
|
|a NhCcYBP
|c NhCcYBP
|d UtOrBLW
|
| 043 |
|
|
|a n-us---
|
| 050 |
|
4 |
|a JZ1480
|b .C468 2015
|
| 082 |
0 |
4 |
|a 909.83/12
|2 23
|
| 084 |
|
|
|a POL040000
|a POL033000
|a PHI019000
|2 bisacsh
|
| 100 |
1 |
|
|a Chomsky, Noam,
|e author.
|0 http://id.loc.gov/authorities/names/n79104267
|
| 245 |
1 |
0 |
|a Because we say so /
|c Noam Chomsky.
|
| 264 |
|
1 |
|a San Francisco :
|b City Lights Books,
|c 2015.
|
| 300 |
|
|
|a 1 online resource.
|
| 336 |
|
|
|a text
|b txt
|2 rdacontent
|
| 337 |
|
|
|a computer
|b c
|2 rdamedia
|
| 338 |
|
|
|a online resource
|b cr
|2 rdacarrier
|
| 347 |
|
|
|a text file
|2 rda
|
| 385 |
|
|
|a General
|2 tlctarget
|
| 490 |
1 |
|
|a Open media series
|
| 500 |
|
|
|a Electronic book.
|
| 500 |
|
|
|a Electronic resource.
|
| 651 |
|
0 |
|a United States
|x Foreign relations
|y 2009-2017.
|0 http://id.loc.gov/authorities/subjects/sh2009000190
|
| 655 |
|
7 |
|a Electronic books.
|2 local
|
| 710 |
2 |
|
|a Ebook Library.
|0 http://id.loc.gov/authorities/names/no2011007422
|
| 830 |
|
0 |
|a Open Media book.
|0 http://id.loc.gov/authorities/names/no2002081123
|
| 856 |
4 |
0 |
|u https://ebookcentral.proquest.com/lib/tamucs/detail.action?docID=2121634
|y Connect to the full text of this electronic book
|t 0
|
| 945 |
|
|
|a machinegen
|
| 955 |
|
|
|a YBP purchased approval e-records
|
| 980 |
|
|
|b 15.95
|g 1
|
| 987 |
|
|
|a ybp12568622
|
| 999 |
f |
f |
|s 945b01e4-8d29-3f3d-a466-3a29dac67a20
|i af9c29ec-c926-385e-8fd7-c3dad5174945
|t 0
|
| 952 |
f |
f |
|a Texas A&M University
|b College Station
|c Electronic Resources
|d Available Online
|t 0
|e JZ1480 .C468 2015
|h Library of Congress classification
|
| 998 |
f |
f |
|a JZ1480 .C468 2015
|t 0
|l Available Online
|